1848 1189 1616 1009 1901 1781 1506 1694 1651 1530 1221 1271 1899 1891 1917 1407 1681 1639 1148 1932 1238 1088 1452 1828 1634 1182 1843 1759 1587 1202 1846 1267 1206 1824 1555 1403 1468 1537 1273 1023 1723 1763 1658 1306 1171 1749 1118 1544 1923 1680 1123 1271 1575 1513 1173 1756 1742 1461 1040 1645 1276 1229 1409 1720 1141 1809 1483 1858 1888 1907 1906 1957 1181 1046 1185 1435 1083 1856 1437 1824 1977 1843 1712 1518 1069 1660 1087 1623 1034 1492 1359 1681 1590 1936 1113 1606 1391 1549 1148 BCNSPRNW ULIB Ver.6.0+V

เปลี่ยนเป็นภาษาไทย

Change to English
 แสดงรายละเอียดบรรณานุกรม
  กลับหน้าหลัก

Brief Record : Get Marc (ISO 2709) : E-mail record : QR code < ปิดหน้าต่าง
LEADER : 00000nam 2200000uu 4500
001    13399114032
003     ULIB
008    120124s||||||||th 000 0 tha d
020    ^a97897499628
090    ^aนว.^bป12ฝ
100 0  ^aPark...
245 00 ฝากรักไว้ที่ปลายฟ้า 2 = Starirway to heaven/^cPark...
260    ^aกรุงเทพฯ :^bแจ่มใส,^c2547
300    ^a263 หน้า
710 1  ^aแจ่มใส
945    ^p0^l0^i018801
995    ^aเกษร
999    ^aใช้งานได้ทุกระบบ
รายการนี้ยังไม่มีแท็ก
คุณยังไม่ได้ล็อกอิน คุณสามารถมีกิจกรรมร่วมกับเว็บไซต์ได้ แต่ต้องล็อกอินก่อน ::
  ล็อกอิน

รายการสื่อสารสนเทศ

ลำดับที่ ประเภท เลขเรียก/บาร์โค้ด สถานที่ สถานะ
1. นวนิยาย
นวนิยาย
นว. ป12ฝ ฉ.1 
  Barcode: 018801
ห้องสมุดวิทยาเขตสวรรค์ประชารักษ์
►นวนิยาย
บนชั้น
  ขอยืม

BibComment


ยังไม่เคยถูกคอมเมนท์

คอมเมนท์ทรัพยากรรายการนี้
  คอมเมนท์: ฝากรักไว้ที่ปลายฟ..


 Copyright 2026. Bcnsprnw @Library